FLOP 10 des pires transferts du XXIème siècle - Statistiques

Statistiques générales
  • Ce quiz a été pris 220 fois
  • Le résultat moyen est 2 sur 10
Statistiques - réponses
Club acheteur Joueur % Correct
Real Madrid (115 M€) Eden Hazard
92%
FC Barcelone (120 M€) Philippe Coutinho
84%
Manchester United (75 M€) Angel Di Maria
26%
Chelsea (58 M€) Fernando Torres
12%
Real Madrid (67 M€) Kaka
10%
FC Barcelone (46 M€) Zlatan Ibrahimovic
8%
Chelsea (45 M€) Andriy Shevchenko
5%
Manchester City (42 M€) Robinho
5%
Manchester United (42,6 M€) Juan Sebastian Veron
4%
Lazio (47 M€) Gaizka Mendieta
3%
Aucun quiz correspondant
Distribution des résultats
% des personnes avec chaque résultat
Percentile par nombre de réponses
Votre historique - résultats
Vous n’avez pas pris ce quiz